000 00900na a2200253 4500
001 17412
003 MIRAKIL
005 20181213155312.0
008 161031b tu 000 0
020 _a9756176008
035 _a17412
040 _aMilas
_btur
_cTR-AnCHP
041 _atur
082 _a373.22209566324
_bY27 2004
090 _a373.22209566324 Y27 2004
245 _aYatılı ilköğretim bölge okulları için bir iyileştirme projesi
_bKağızman modeli
_cderleyen: Tuna Bekleviç
260 _aİstanbul
_bİstanbul Bilgi Üniversitesi Yayınları
_c2004
300 _aix, 179 s.
_bfotg. ; res.
_c23 sm.
440 _aİstanbul Bilgi Üniversitesi yayınları
_pEğitim; 3
_v85
610 _aYatılı İlköğretim bölge okulları (YİBO)
_xİyileştirme projeleri
650 _aEğitim
_xYatılı okullar
_zKağızman (Kars)
700 _aBekleviç, Tuna
942 _2ddc
_cBKS
999 _c10242
_d10242